In the public's interest: (Record no. 138403)
[ view plain ]
| 000 -LEADER | |
|---|---|
| fixed length control field | 00647nam a22001937a 4500 |
| 005 - DATE AND TIME OF LATEST TRANSACTION | |
| control field | 20170321164931.0 |
| 010 ## - LCCN (DPL NO) | |
| LC control number | ENG-117560 |
| 020 ## - INTERNATIONAL STANDARD BOOK NUMBER | |
| International Standard Book Number | 9789386296788 |
| Terms of availability | 325.00 |
| 035 ## - SYSTEM CONTROL NUMBER | |
| System control number | EN-101092 |
| 037 ## - SOURCE OF ACQUISITION | |
| Source of stock number/acquisition | DBAD/PUB |
| 082 ## - DEWEY DECIMAL CLASSIFICATION NUMBER | |
| Classification number | 346.540434 |
| 100 ## - MAIN ENTRY--PERSONAL NAME | |
| Personal name | Gautam Bhan |
| 245 ## - TITLE STATEMENT | |
| Title | In the public's interest: |
| Remainder of title | evictions, citizenship and inequality in contemporary Delhi / |
| Statement of responsibility, etc | by Gautam Bhan |
| 260 ## - PUBLICATION, DISTRIBUTION, ETC. (IMPRINT) | |
| Place of publication, distribution, etc | Hyderabad |
| Name of publisher, distributor, etc | Orient BlackSwan |
| Date of publication, distribution, etc | 2017 |
| 270 ## - ADDRESS | |
| Address | 3-6-752 Himayatnagar |
| City | Hyderabad (Telangana) |
| Postal code | 500029 |
| 300 ## - PHYSICAL DESCRIPTION | |
| Extent | xiv,290p. : |
| Dimensions | 22cm(Hb) |
| Other physical details | ill |
| 500 ## - GENERAL NOTE | |
| General note | Includes references and index |
| 942 ## - ADDED ENTRY ELEMENTS (KOHA) | |
| Source of classification or shelving scheme | Dewey Decimal Classification |
| Item type | English Books |
| Call number suffix | GAU |
| Classification part | 346.540434 |
| Withdrawn status | Lost status | Not for loan | Collection code | Home library | Current library | Date acquired | Source of acquisition | Cost, normal purchase price | Full call number | Barcode | Copy number | Cost, replacement price | Koha item type |
|---|---|---|---|---|---|---|---|---|---|---|---|---|---|
| Non-fiction | Shahdara Branch | Shahdara Branch | 21/03/2017 | DBAD/PUB | 325.00 | 346.540434 GAU | EN-101092 | 1 | 325.00 | English Books |
